<?xml version="1.0" encoding="UTF-8"?>
<record
    xmlns:xsi="http://www.w3.org/2001/XMLSchema-instance"
    xsi:schemaLocation="http://www.loc.gov/MARC21/slim http://www.loc.gov/standards/marcxml/schema/MARC21slim.xsd"
    xmlns="http://www.loc.gov/MARC21/slim">

  <leader>00456nam a22001697a 4500</leader>
  <datafield tag="999" ind1=" " ind2=" ">
    <subfield code="c">113659</subfield>
    <subfield code="d">113659</subfield>
  </datafield>
  <controlfield tag="005">20190826114647.0</controlfield>
  <controlfield tag="008">190826b           ||||| |||| 00| 0 eng d</controlfield>
  <datafield tag="020" ind1=" " ind2=" ">
    <subfield code="a">9789388313315</subfield>
  </datafield>
  <datafield tag="040" ind1=" " ind2=" ">
    <subfield code="c">PK-LaUMT</subfield>
  </datafield>
  <datafield tag="082" ind1=" " ind2=" ">
    <subfield code="a">612</subfield>
    <subfield code="b">WIN-S</subfield>
  </datafield>
  <datafield tag="100" ind1=" " ind2=" ">
    <subfield code="a">Wineski, Lawrence E.</subfield>
  </datafield>
  <datafield tag="245" ind1=" " ind2=" ">
    <subfield code="a">Snell's clinical anotomy by regions /</subfield>
    <subfield code="c">by Lawrence E. Wineski</subfield>
  </datafield>
  <datafield tag="250" ind1=" " ind2=" ">
    <subfield code="a">10th ed.</subfield>
  </datafield>
  <datafield tag="260" ind1=" " ind2=" ">
    <subfield code="a">New York :</subfield>
    <subfield code="b">Wolters Kluwer,</subfield>
    <subfield code="c">2019</subfield>
  </datafield>
  <datafield tag="300" ind1=" " ind2=" ">
    <subfield code="a">ix, 804 p.</subfield>
  </datafield>
  <datafield tag="942" ind1=" " ind2=" ">
    <subfield code="c">T</subfield>
  </datafield>
  <datafield tag="952" ind1=" " ind2=" ">
    <subfield code="0">0</subfield>
    <subfield code="1">0</subfield>
    <subfield code="4">0</subfield>
    <subfield code="7">0</subfield>
    <subfield code="a">HSC</subfield>
    <subfield code="b">HSC</subfield>
    <subfield code="d">2019-08-26</subfield>
    <subfield code="l">0</subfield>
    <subfield code="o">612 WIN-S</subfield>
    <subfield code="p">131362</subfield>
    <subfield code="r">2023-12-22 00:00:00</subfield>
    <subfield code="w">2019-08-26</subfield>
    <subfield code="y">BK</subfield>
  </datafield>
  <datafield tag="952" ind1=" " ind2=" ">
    <subfield code="0">0</subfield>
    <subfield code="1">0</subfield>
    <subfield code="4">0</subfield>
    <subfield code="7">0</subfield>
    <subfield code="a">HSC</subfield>
    <subfield code="b">HSC</subfield>
    <subfield code="d">2019-08-26</subfield>
    <subfield code="l">0</subfield>
    <subfield code="o">612 WIN-S</subfield>
    <subfield code="p">131363</subfield>
    <subfield code="r">2026-01-16 14:28:14</subfield>
    <subfield code="t">C. 2</subfield>
    <subfield code="w">2019-08-26</subfield>
    <subfield code="y">T</subfield>
  </datafield>
  <datafield tag="952" ind1=" " ind2=" ">
    <subfield code="0">0</subfield>
    <subfield code="1">0</subfield>
    <subfield code="4">0</subfield>
    <subfield code="7">0</subfield>
    <subfield code="a">HSC</subfield>
    <subfield code="b">HSC</subfield>
    <subfield code="d">2019-08-26</subfield>
    <subfield code="l">0</subfield>
    <subfield code="o">612 WIN-S</subfield>
    <subfield code="p">131364</subfield>
    <subfield code="r">2019-08-26 00:00:00</subfield>
    <subfield code="t">C.3</subfield>
    <subfield code="w">2019-08-26</subfield>
    <subfield code="y">T</subfield>
  </datafield>
</record>
